000 00819cab a2200253 4500
001 ABS54561
008 090401t1996 xxu||||| |||| 00| 0 eng d
035 _a(Sirsi) u11108
041 _aeng
100 _aWaterman, L.
245 _aContamination clean-up
260 _c1996
350 _a0
490 _aConstruction Manager
_v2(2) February 1996, 14-15(2)
520 _aDiscusses some of the alternatives available to traditional `dig-and-dump` methods for dealing with contaminated land. With reference to case studies, pays particular attention to reclamation of inner city sites.
650 _aCONTAMINATED LAND
650 _aLAND RECLAMATION
650 _aLANDFILL
650 _aREMEDIAL METHODS
650 _aSYPOL ENVIRONMENTAL MANAGEMENT
690 _aLAND
942 _n0
948 _c04/03/1997
999 _c7077
_d7077